বার্ধক্য / (Record no. 4271)
[ view plain ]
| 000 -LEADER | |
|---|---|
| fixed length control field | 00849nam a2200253 a 4500 |
| 001 - CONTROL NUMBER | |
| JCCL Control Number | 4271 |
| 003 - CONTROL NUMBER IDENTIFIER | |
| JCCL marc code | BD-JhCC |
| 005 - DATE AND TIME OF LATEST TRANSACTION | |
| control field | 20171126084332.0 |
| 008 - FIXED-LENGTH DATA ELEMENTS--GENERAL INFORMATION | |
| fixed length control field | 171125s1994 bg a|||| |a|| 000 0 ben d |
| 020 ## - INTERNATIONAL STANDARD BOOK NUMBER | |
| International Standard Book Number | 8123717237 |
| 035 ## - SYSTEM CONTROL NUMBER | |
| system control number | (BD-JhCC)4271 |
| 040 ## - CATALOGING SOURCE | |
| Original cataloging agency | BD-JhCC |
| Modifying agency | BD-JhCC |
| 041 ## - LANGUAGE CODE | |
| Language code of Book | ben |
| 082 ## - DEWEY DECIMAL CLASSIFICATION NUMBER | |
| Classification number | 354.94005 |
| Author mark and Year | RAW 1994 |
| 100 ## - MAIN ENTRY--PERSONAL NAME | |
| Personal name | রাও, কল্লুরি সুব্বা |
| 245 ## - TITLE STATEMENT | |
| Title | বার্ধক্য / |
| Statement of responsibility, etc | কল্লুরি সুব্বা রাও; প্রসূন চৌধুরী (অনুবাদ) |
| 260 ## - PUBLICATION, DISTRIBUTION, ETC. (IMPRINT) | |
| Place of publication, distribution, etc | ইন্ডিয়া : |
| Name of publisher, distributor, etc | ন্যাশনাল বুক ট্রাস্ট, |
| Date of publication, distribution, etc | 1994. |
| 300 ## - PHYSICAL DESCRIPTION | |
| Pagination | 52 p. : |
| Dimensions | 21 cm. |
| Other physical details | illu; |
| 650 ## - SUBJECT ADDED ENTRY--TOPICAL TERM | |
| Topical term or geographic name as entry element | Civil Service |
| 650 ## - SUBJECT ADDED ENTRY--TOPICAL TERM | |
| Topical term or geographic name as entry element | Older men |
| 700 ## - ADDED ENTRY--PERSONAL NAME | |
| Personal name | চৌধুরী, প্রসূন |
| 942 ## - ADDED ENTRY ELEMENTS (KOHA) | |
| Source of classification or shelving scheme | Dewey Decimal Classification |
| Koha item type | Books |
| Source of classification or shelving scheme | Damaged status | Not for loan | Home library | Current library | Shelving location | Date of accession | Source of acquisition | Cost, normal purchase price | Total Checkouts | Full call number | Barcode | Date last seen | Copy number | Koha item type |
|---|---|---|---|---|---|---|---|---|---|---|---|---|---|---|
| Dewey Decimal Classification | JCC Rouf Library | JCC Rouf Library | General Stacks | 11/25/2017 | Zahedee Foundation | 21.00 | 354.94005 RAW 1994 | 6158 | 11/25/2017 | C-1 | Books |